|
|
|
|
| LEADER |
00000nas1a2200000 4500 |
| 001 |
380269 |
| 005 |
20231101062645.0 |
| 011 |
|
|
|a 0044-3328
|
| 035 |
|
|
|a (RuTPU)RU\TPU\prd\1087
|
| 090 |
|
|
|a 380269
|
| 100 |
|
|
|a 20011210d19441973k y0gery50 ba
|
| 101 |
0 |
|
|a ger
|
| 102 |
|
|
|a DE
|
| 110 |
|
|
|a aea uu0
|
| 200 |
1 |
|
|a Zeitschrift fur Physik
|e magazine
|f Deutscen Physikaliscen Gesellschaft
|
| 210 |
|
|
|a Berlin
|c Springer-verlag
|d 1944, 1950-1973
|
| 305 |
|
|
|a Основан в 1920 году
|
| 326 |
|
|
|a 20 номеров в год
|
| 610 |
1 |
|
|a атомная физика
|
| 610 |
1 |
|
|a молекулярная физика
|
| 610 |
1 |
|
|a физика конденсированных сред
|
| 712 |
0 |
2 |
|a Deutscen Physikaliscen Gesellschaft
|4 570
|
| 801 |
|
0 |
|a RU
|b 63413507
|c 20011210
|g PSBO
|
| 801 |
|
2 |
|a RU
|b 63413507
|c 20170525
|g RCR
|
| 942 |
|
|
|c CR
|